Compassionate Cirles (Record no. 4073)

MARC details
000 -LEADER
fixed length control field 00388nam a22001457a 4500
003 - CONTROL NUMBER IDENTIFIER
control field OSt
005 - DATE AND TIME OF LATEST TRANSACTION
control field 20250131094902.0
008 - FIXED-LENGTH DATA ELEMENTS--GENERAL INFORMATION
fixed length control field 250131b |||||||| |||| 00| 0 eng d
040 ## - CATALOGING SOURCE
Transcribing agency Parliament Library
082 ## - DEWEY DECIMAL CLASSIFICATION NUMBER
Classification number 262.3
Item number CHI
100 ## - MAIN ENTRY--PERSONAL NAME
9 (RLIN) 6
Personal name Chitando Ezra and Hadebe Nontando
245 ## - TITLE STATEMENT
Title Compassionate Cirles
Remainder of title African Women Theologians Facing HIV
300 ## - PHYSICAL DESCRIPTION
Extent 236P.
942 ## - ADDED ENTRY ELEMENTS (KOHA)
Source of classification or shelving scheme Dewey Decimal Classification
Koha item type Books
Holdings
Withdrawn status Lost status Source of classification or shelving scheme Damaged status Not for loan Home library Current library Date acquired Total Checkouts Full call number Barcode Date last seen Price effective from Koha item type
    Dewey Decimal Classification     Bunge Tower Library Bunge Tower Library 01/31/2025   262.3 CHI 2025/0027 01/31/2025 01/31/2025 Books
LIBRARY OPENING HOURS

When the Parliament is sitting: 8.00a.m - 7.00p.m or until the house adjourns
Mondays and Fridays and when the House is on Recess:  8.00a.m - 5.00p.m
Closed on Weekends and Public Holidays

Online Public Access Catalog (OPAC)
Website: http://www.parliament.go.ke
Bunge Library: https://libraryir.parliament.go.ke
Contact: library@parliament.go.ke | Tel no: (254-2)2221291 or 2848000 Ext 5043